Water

Bibliographic Details
Main Author: Maslina Ramli
Format: Book
Published: Kuala Lumpur : Ekspres Publisher , 2004
Series:Fun with science
Subjects:

MARC

LEADER 00000cam a2200000 7i4500
001 0000006800
005 20151222.0
008 070821
020 |a 983128142X 
090 0 0 |a JF   |b SC ENG (7563) 
100 0 |a Maslina Ramli 
245 1 0 |a Water   |c Maslina Ramli 
260 |a Kuala Lumpur :   |b Ekspres Publisher ,   |c 2004 
440 0 |a Fun with science 
500 |a Children ages 7-9 years old (orange) 
650 0 |a Science   |x Juvenile literature 
999 |a 0000900335   |b Book   |c Children Collection   |e Cawangan Bandar Penawar 
999 |a 0000900336   |b Book   |c Children Collection   |e Cawangan Bandar Penawar 
999 |a 0000900339   |b Book   |c Children Collection   |e Cawangan Pontian 
999 |a 0000986888   |b Book   |c Children Collection   |e Perbadanan Perpustakaan Awam Johor 
999 |a 0000986889   |b Book   |c Children Collection   |e Perbadanan Perpustakaan Awam Johor 
999 |a 0000986892   |b Book   |c Children Collection   |e Perbadanan Perpustakaan Awam Johor